000 00392nam a22001457a 4500
999 _c3051
_d3051
008 200319b ||||| |||| 00| 0 eng d
100 _92542
_aSubramaniam, H.
245 1 0 _aShip stability, Part - IV: Book 4 /
_cby H. Subramaniam.
250 _a2nd ed.
260 _aMumbai:
_bVijaya Publications,
_c2009.
300 _a259p.
490 0 _vVol. 4
650 0 _aStability of ships
942 _cBK